All 1m+ Australian cities - Statistics

General Stats
  • This quiz has been taken 39 times
  • The average score is 5 of 5
Answer Stats
Pop. Answer % Correct
5.24m Melbourne
100%
5.14m Sydney
100%
2.69m Brisbane
89%
2.36m Perth
89%
1.44m Adelaide
78%
No matching quizzes found
Score Distribution
Percent of People with Each Score
Percentile by Number Answered
Your Score History
You have not taken this quiz